Fiction As History; (Record no. 210428)

MARC details
000 -LEADER
fixed length control field 00645nam a2200205 4500
005 - DATE AND TIME OF LATEST TRANSACTION
control field 20250321152258.0
010 ## - LCCN (DPL NO)
LC control number ENG-144192
020 ## - INTERNATIONAL STANDARD BOOK NUMBER
International Standard Book Number 9788178245577
Terms of availability 695.00
035 ## - SYSTEM CONTROL NUMBER
System control number EN-127724
037 ## - SOURCE OF ACQUISITION
Source of stock number/acquisition DBAD
082 ## - DEWEY DECIMAL CLASSIFICATION NUMBER
Classification number 945.13
Edition number 1
100 ## - MAIN ENTRY--PERSONAL NAME
Personal name Dalmia, Vasudha
245 ## - TITLE STATEMENT
Title Fiction As History;
Statement of responsibility, etc Vasudha Dalmia
Remainder of title The Novel and the City in Mordern North India
260 ## - PUBLICATION, DISTRIBUTION, ETC. (IMPRINT)
Place of publication, distribution, etc Ranikhet
Name of publisher, distributor, etc Permanent Black
Date of publication, distribution, etc 2017
270 ## - ADDRESS
Address 'Himalayana', Mall Road, Ranikhet Cantt,
City Ranikhet
Postal code 263645
Electronic mail address perblack@gmail.com
300 ## - PHYSICAL DESCRIPTION
Extent xvi,428p.
Dimensions 21.5cm(pb)
700 ## - ADDED ENTRY--PERSONAL NAME
9 (RLIN) 79784
700 ## - ADDED ENTRY--PERSONAL NAME
9 (RLIN) 79785
942 ## - ADDED ENTRY ELEMENTS (KOHA)
Source of classification or shelving scheme Dewey Decimal Classification
Item type English Books
Classification part 954.13
Call number suffix DAL
Holdings
Withdrawn status Lost status Not for loan Collection code Home library Current library Date acquired Source of acquisition Cost, normal purchase price Full call number Barcode Copy number Cost, replacement price Koha item type
    Not For Loan Fiction Patel Nagar Patel Nagar 21/03/2025 DBAD 695.00 954.13 DAL EN-127724 1 695.00 English Books

© Delhi Public Library
Hit Counter
free hit counter